000 00514nam a2200205Ia 4500
005 20240823050211.0
008 240823s9999||||xx |||||||||||||| ||und||
020 _a978-81-7381-780-9
041 _aENGLISH
082 _A515 Q2
100 _aAjay Kr Chaudhuri
245 0 _aMathematical Analysis
250 _a1st
260 _c2012
_b"New Central Book Agency,Calcutta"
500 _aYES
650 _aMathematical Analysis
_bMathematics
700 _a Pratikshan Mondai
942 _cBK
999 _c216707
_d216707